|
|
|
|
| LEADER |
00772nab a2200181 i 4500 |
| 001 |
misc8377 |
| 005 |
20191106143858.0 |
| 008 |
170607s1908 hu o 0|| hun d |
| 022 |
|
|
|a 0025-0260
|
| 040 |
|
|
|a SZTE Miscellanea Repozitórium
|b hun
|
| 041 |
|
|
|a hun
|
| 100 |
1 |
|
|a Goldziher Károly
|
| 245 |
1 |
0 |
|a Reformtörekvések a mathematikai oktatás terén
|h [elektronikus dokumentum] :
|b (Harmadik közlemény) ; II. rész (folytatás) Bibliográfia /
|c Goldziher Károly
|
| 260 |
|
|
|c 1908
|
| 300 |
|
|
|a 159-173
|
| 490 |
0 |
|
|a Magyar pedagógia : a Magyar Tudományos Akadémia Pedagógiai Bizottságának folyóirata
|v 17
|
| 695 |
|
|
|a Matematika tanítása bibliográfia, Matematika tanítása
|
| 856 |
4 |
0 |
|u http://misc.bibl.u-szeged.hu/8377/1/mp_1908_1268_159-173.pdf
|z Dokumentum-elérés
|